00732 2200277 4500001002100000005001700021008004100038020002200079035002400101040001200125041000800137043001300145082001100158084001900169100001800188245006000206260003000266300003300296650002300329990001700352990001700369990001700386990001700403990001700420990001700437YOGYA-1011000000039920170119082510.0 ind  a978-979-015-197-0 0010-101100000000398 aYOPDYOG aInd aYOPD DIY a028.55 aK 028.55 Loe D aLOEWEN, Nancy aDisimpan,dibelanjakan,atau disumbangkan /cNancy Loewen aJakartabErlanggac[s.a]. a24 hlmbilusc25 cm. [3 eks] aBacaan kanak-kanak a1893-PD/B.11 a1891-PD/B.11 a1892-PD/B.11 a1939-PD/B.11 a1940-PD/B.11 a1941-PD/B.11